Fish ponds for the farm. (Record no. 329318)

000 -LEADER
fixed length control field 00627cam a2200205u 4500
001 - CONTROL NUMBER
control field 8346107
003 - CONTROL NUMBER IDENTIFIER
control field ASAB
005 - DATE AND TIME OF LATEST TRANSACTION
control field 20170503110005.0
008 - FIXED-LENGTH DATA ELEMENTS--GENERAL INFORMATION
fixed length control field 820625s1947 nyua 000 0 eng
010 ## - LIBRARY OF CONGRESS CONTROL NUMBER
LC control number agr47000047
020 ## - INTERNATIONAL STANDARD BOOK NUMBER
International Standard Book Number 81-7754-219-2
040 ## - CATALOGING SOURCE
Original cataloging agency DLC
Transcribing agency ASAB
Modifying agency DLC
050 00 - LIBRARY OF CONGRESS CALL NUMBER
Classification number SH159
Item number .E3
082 ## - DEWEY DECIMAL CLASSIFICATION NUMBER
Classification number 639
100 1# - MAIN ENTRY--PERSONAL NAME
Personal name Edminster, Frank C.
Fuller form of name (Frank Custer),
Dates associated with a name 1903-
245 00 - TITLE STATEMENT
Title Fish ponds for the farm.
Statement of responsibility, etc. by Edminster, Frank C.
260 ## - PUBLICATION, DISTRIBUTION, ETC.
Place of publication, distribution, etc. India
Name of publisher, distributor, etc. Agrobios ( india )
Date of publication, distribution, etc. 1947.
300 ## - PHYSICAL DESCRIPTION
Extent xii, 114 p.
Other physical details illus.
Dimensions 27 cm.
650 #0 - SUBJECT ADDED ENTRY--TOPICAL TERM
Topical term or geographic name entry element Fish ponds.
650 #0 - SUBJECT ADDED ENTRY--TOPICAL TERM
Topical term or geographic name entry element Fish culture.
906 ## - LOCAL DATA ELEMENT F, LDF (RLIN)
a 0
b cbc
c premunv
d u
e ncip
f 19
g y-gencatlg
942 ## - ADDED ENTRY ELEMENTS (KOHA)
Source of classification or shelving scheme
Koha item type Book
Holdings
Withdrawn status Lost status Source of classification or shelving scheme Damaged status Not for loan Collection code Permanent Location Current Location Date acquired Total Checkouts Full call number Barcode Date last seen Price effective from Koha item type
            Atta-ur-Rahman School of Applied Biosciences (ASAB) Atta-ur-Rahman School of Applied Biosciences (ASAB) 05/03/2017   639 EDM ASAB1929 05/03/2017 05/03/2017 Book
© 2023 Central Library, National University of Sciences and Technology. All Rights Reserved.